000 00620nam a2200193 i 4500
001 bg
245 0 _aMatematyka :
_bkurs przygotowawczy dla kandydatów na wyższe uczelnie techniczne : praca zbiorowa.
_nCz. 1 /
_cpod red. Jana Stankiewicza.
260 _aRzeszów :
_bRed. Wydawnictw Uczelnianych PR,
_c1993.
300 _a172 s. :
_brys., wykr. ;
_c24 cm.
504 _aBibliogr. przy rozdz.
650 9 _aMatematyka
655 _aPodręczniki akademickie
700 1 _aStankiewicz, Jan.
_eRed.
040 _cBPK
041 0 _apl
080 _a51(075.8)
942 _cKS
008 s pl f |000 0 pol
999 _c6414
_d6414
856 _uhttp://koha.tu.koszalin.pl/cgi-bin/koha/opac-detail.pl?biblionumber=6414
_yKatalog online BPK